A fiatalkori csoportos bűnözés
Elmentve itt :
| Szerző: | |
|---|---|
| További közreműködők: | |
| Dokumentumtípus: | Szakdolgozat |
| Megjelent: |
1996
|
| Tárgyszavak: | |
| Online Access: | http://diploma.bibl.u-szeged.hu/24139 |
| LEADER | 00536nta a2200157 i 4500 | ||
|---|---|---|---|
| 001 | dipl24139 | ||
| 005 | 20130314082503.0 | ||
| 008 | 110916s1996 hu om 0|| zxx d | ||
| 040 | |a SZTE Diploma Repozitórium |b hun | ||
| 041 | |a zxx | ||
| 100 | 1 | |a Szabó Gábor | |
| 245 | 1 | 2 | |a A fiatalkori csoportos bűnözés |h [elektronikus dokumentum] / |c Gábor Szabó |
| 260 | |c 1996 | ||
| 650 | 4 | |a Jogi és igazgatási tanulmányok | |
| 700 | 1 | |a Kopasz Zsolt |e ths | |
| 856 | 4 | 0 | |u http://diploma.bibl.u-szeged.hu/id/eprint/24139/1/1996_szabo_gabor.pdf |z Dokumentum-elérés |